Women`s Empowerment and Demographic Processes (Record no. 15968)

MARC details
000 -LEADER
fixed length control field 00640nam a2200241 a 4500
020 ## - INTERNATIONAL STANDARD BOOK NUMBER
ISBN 0197319
082 00 - DEWEY DECIMAL CLASSIFICATION NUMBER
Classification number 305.4
Author Cutter PRE
100 ## - MAIN ENTRY--AUTHOR NAME
Author name Presser, Harriet B
245 ## - TITLE STATEMENT
Title Women`s Empowerment and Demographic Processes
Sub title Moving Beyond Cairo
260 ## - PUBLICATION, DISTRIBUTION, ETC. (IMPRINT)
Place of publication Londan
Name of publisher Oxford University Press
Year of publication 2000
300 ## - PHYSICAL DESCRIPTION
Number of Pages 426p
500 ## - GENERAL NOTE
General note includes index and biblioraphy
505 2# - FORMATTED CONTENTS NOTE
Formatted contents note Index
650 ## - SUBJECT ADDED ENTRY--TOPICAL TERM
Topical Term Family-Planning
650 ## - SUBJECT ADDED ENTRY--TOPICAL TERM
Topical Term Women-Empowerment
942 ## - ADDED ENTRY ELEMENTS (KOHA)
Koha item type Books
Holdings
Collection code Home library Current library Date acquired Cost, normal purchase price Full call number Accession Number Koha item type
  Henry Martyn Institute Library Henry Martyn Institute Library 03/21/2007 575.00 305.4 PRE 020055 Books
                   Copyright © 2026 | Henry Martyn Institute | Hyderabad | TS-500052 | INDIA | Implemented by hmi.edu.in
Hit-Count:

Powered by Koha